Health education of the public : a practical manual of technic /

Bibliographic Details
Main Author: Bauer, W. W. (William Waldo), 1892-1967
Other Authors: Hull, Thomas G. (Thomas Gordon), 1889-
Format: Book
Language:English
Published: Philadelphia, London : W. B. Saunders Company, 1942.
Edition:2d ed., rev.
Subjects:

MARC

Tag First Indicator Second Indicator Subfields
LEADER 00000cam a2200000 4500
001 in00000353921
005 20151011065102.0
008 760123s1942 paua b 00110 eng
010 |a  42016226  
035 |a (OCoLC)01943544 
035 |9 ABN5606AM 
040 |a DLC  |c KCP  |d TXA  |d UtOrBLW 
049 |a TXAM  |c [108585] 
050 0 0 |a RA420  |b .B42 1942 
082 0 |a 614.077 
100 1 |a Bauer, W. W.  |q (William Waldo),  |d 1892-1967. 
245 1 0 |a Health education of the public :  |b a practical manual of technic /  |c [by] W. W. Bauer and Thomas G. Hull. 
250 |a 2d ed., rev. 
264 1 |a Philadelphia,  |a London :  |b W. B. Saunders Company,  |c 1942. 
300 |a viii, 315 pages :  |b illustrations ;  |c 23 cm. 
336 |a text  |b txt  |2 rdacontent 
337 |a unmediated  |b n  |2 rdamedia 
338 |a volume  |b nc  |2 rdacarrier 
504 |a Bibliography at end of most of the chapters. 
650 0 |a Public health  |x Study and teaching. 
650 0 |a Adult education. 
700 1 |a Hull, Thomas G.  |q (Thomas Gordon),  |d 1889- 
999 |a MARS 
999 f f |s a8664a4a-85d3-33c1-905d-016b63bca663  |i d690efca-fffb-392c-a613-1f9417d6698b  |t 0 
952 f f |p ric  |a Texas A&M University  |b Rellis Campus  |c Joint Library Facility  |d Remote Storage  |t 0  |e RA420 .B42 1942  |h Library of Congress classification  |i unmediated -- volume  |m A14805066286 
998 f f |a RA420 .B42 1942  |t 0  |l Remote Storage